Central Library OPAC University of Rajshahi

Management training : (Record no. 75654)

MARC details
000 -LEADER
fixed length control field 00882nam a2200289 a 4500
001 - CONTROL NUMBER
control field 75654
003 - CONTROL NUMBER IDENTIFIER
rucl marc code BD-RjUL
005 - DATE AND TIME OF LATEST TRANSACTION
control field 20211209082725.0
008 - FIXED-LENGTH DATA ELEMENTS--GENERAL INFORMATION
fixed length control field 190511s1964 ilua b 000 0 eng
035 ## - SYSTEM CONTROL NUMBER
System control number (BD-RjUL)75872
System control number (OCoLC)767158
040 ## - CATALOGING SOURCE
Original cataloging agency DLC
Transcribing agency PPi
Modifying agency OCoLC
-- DLC
-- BD-RjUL
Language of cataloging eng
041 ## - LANGUAGE CODE
Language code of text/sound track or separate title eng
042 ## - AUTHENTICATION CODE
Authentication code premarc
082 ## - DEWEY DECIMAL CLASSIFICATION NUMBER
Edition number 23
Classification number 658
Author mark and year MCM 1964
100 1# - MAIN ENTRY--PERSONAL NAME
Personal name McLarney, William J.
9 (RLIN) 231616
245 10 - TITLE STATEMENT
Title Management training :
Remainder of title cases and principles /
Statement of responsibility, etc. by William J. McLarney. Edited and completed by Helen McLarney.
250 ## - EDITION STATEMENT
Edition statement 4th ed.
260 ## - PUBLICATION, DISTRIBUTION, ETC. (IMPRINT)
Place of publication, distribution, etc. Homewood, Ill.,
Name of publisher, distributor, etc. R. D. Irwin,
Date of publication, distribution, etc. 1964.
300 ## - PHYSICAL DESCRIPTION
Pagination xxii, 660 p. :
Illustrations illus.;
Size 24 cm.
504 ## - BIBLIOGRAPHY, ETC. NOTE
Bibliography, etc Includes bibliographies.
650 #0 - SUBJECT ADDED ENTRY--TOPICAL TERM
Topical term or geographic name as entry element Industrial management.
9 (RLIN) 231617
Topical term or geographic name as entry element Personnel management.
9 (RLIN) 231618
942 ## - ADDED ENTRY ELEMENTS (KOHA)
Source of classification or shelving scheme Dewey Decimal Classification
Koha item type Books
Holdings
Lost status Source of classification or shelving scheme Damaged status Not for loan Collection code Permanent Location Current Location Shelving location Date acquired Source of acquisition Cost, normal purchase price Total Checkouts Full call number Date last seen Copy number Koha item type
  Dewey Decimal Classification   Not For Loan Non-fiction Central Library, University of Rajshahi Central Library, University of Rajshahi Reading Room 02/04/1970 Zeitlinger 81.00   658 MCM 1964 11/05/2019 C-1 Books